| 000 | 00590cam a22001812a 4500 | ||
|---|---|---|---|
| 001 | 000386 | ||
| 003 | AR-FADEU | ||
| 008 | 311216n2007####xxu####################dd | ||
| 100 | _aBarra, Cintia | ||
| 710 | _aReal, Marcelo - Reyes, Norma - Roldan, Rafael - Sepúlveda, Diego - Silva, Ivana | ||
| 245 | _aPolíticas Sociales, disfraces neoliberales de inclusión social | ||
| 260 | _bUniversidad Nacional del Comahue | ||
| 260 | _aNeuquén | ||
| 260 | _c2007 | ||
| 440 | _aTeoría y práctica de áreas y recursos en Servicio Social | ||
| 650 | _aPOLITICAS SOCIALES | ||
| 942 | _cFOLLETO | ||
| 999 |
_c1177 _d1177 |
||